000 00399nam a2200133Ia 4500
005 20260328104330.0
008 260328s9999||||xx |||||||||||||| ||und||
100 _aMarca, Claire et Reno
245 0 _a3 Ans de voyage :
_b 25 pays par voie terrestre en histoires et en Images /
_cClaire et Reno Marca
260 _bÉditions de La Martinière
300 _a288 p.
650 _aACUARELA
942 _cBK
999 _c11694
_d11694